000 01170nam a2200253Ia 4500
999 _c36178
_d36178
001 2080
003 GE_BSU
005 20221010152335.0
008 181216s1974||||ge |||||||||||||| ||geo||
040 _cGE_BSU
041 _ageo
080 _a1(430) თ–40
100 _aთევზაძე, გურამ
_9766
245 _aიმანუელ კანტი /
_cგურამ თევზაძე ; რედ. ა. ბოჭორიშვილი.
264 _aთბილისი :
_bთბილისის უნივერსიტეტის გამომცემლობა,
_c1974.
300 _a534 გვ. :
_bილ.
_c22 სმ.
520 _aრეზიუმე რუსულ და გერმანულ ენაზე.
546 _aრეზიუმე რუსულ, გერმანულ ენებზე.
653 _aფილოსოფია
653 _aგერმანელი ფილოსოფოსები
653 _aკანტი, იმანუელ.
700 _aბოჭორიშვილი, ანგია
_d
_eრედაქტორი
_9767
942 _cBK
_2udc